000 00252nam a2200109 a 4500
005 20140414132013.0
008 110314s19uu xx 00 eng d
050 _aTR
_bN28 1996
100 _aBerry, Joy
245 _aNeeding attention.
999 _c113320
_d113320